[Event "Albacete op 18th"]
[Site "Albacete"]
[Date "2010.09.15"]
[Round "2"]
[White "Escribano Molina, Albino"]
[Black "Coves Sepulcre, Laureano"]
[Result "0-1"]
[WhiteElo "1650"]
[BlackElo "1905"]
[PlyCount "87"]
[EventDate "2010.09.14"]
[EventType "swiss"]
[EventRounds "9"]
[EventCountry "ESP"]
[SourceTitle "CBM 138 Extra"]
[Source "ChessBase"]
[SourceDate "2010.10.29"]
[SourceVersion "1"]
[SourceVersionDate "2010.10.29"]
[SourceQuality "1"]

1. e4 e5 2. Nc3 Nf6 3. Bc4 Bb4 4. d3 d5 5. exd5 Nxd5 6. Nge2 0-0 7. 0-0 Be6 8. Bd2 Nxc3 9. Nxc3 Bxc4 10. dxc4 Nd7 11. a3 Bd6 12. Ne4 Be7 13. Qf3 c6 14. Rad1 Qc7 15. Qg3 Kh8 16. Bc3 f6 17. Qh3 Rad8 18. Rd3 Nc5 19. Nxc5 Bxc5 20. Rfd1 Rxd3 21. Rxd3 Qb6 22. Qg3 Rd8 23. b4 Be7 24. Bd2 a6 25. Qh4 Rxd3 26. cxd3 Kg8 27. Qg4 Qd8 28. Qe4 Qd7 29. g3 g6 30. c5 Kf7 31. Qc4+ Qd5 32. Qxd5+ cxd5 33. Kf1 Ke6 34. g4 f5 35. h3 d4 36. f3 Kd5 37. Kf2 e4 38. fxe4+ fxe4 39. dxe4+ Kxe4 40. Ke2 d3+ 41. Kf2 Kd4 42. Kf3 Bf6 43. Kf4 h6 44. g5 0-1